| 000 | 00549nam a2200181Ia 4500 | ||
|---|---|---|---|
| 008 | 090123s9999 xx 000 0 und d | ||
| 082 | _b30689 | ||
| 100 | _aराजाध्यक्ष विजया | ||
| 245 | _aसमांतर | ||
| 250 | _a1 | ||
| 260 | _bमॅजेस्टिक प्रकाशन | ||
| 300 | _a175 | ||
| 600 | _aराजाध्यक्ष विजया | ||
| 630 | _aसमांतर | ||
| 700 | _aराजाध्यक्ष विजया | ||
| 730 | _aसमांतर | ||
| 942 | _cBOOK | ||
| 999 |
_c67259 _d67259 |
||